| 000 | 00893nam a2200265Ia 4500 | ||
|---|---|---|---|
| 003 | OSt | ||
| 005 | 20220930080031.0 | ||
| 006 | a|||||r|||| 00| 0 | ||
| 007 | ta | ||
| 008 | 220926b |||||||| |||| 00| 0 eng d | ||
| 024 | _a84994 | ||
| 037 | _cTheses | ||
| 040 |
_aCRL _cCRL _beng |
||
| 041 |
_2eng _aeng |
||
| 100 |
_aSinha Ajay Kumar _9537905 |
||
| 110 | _aUniversity of Delhi. Faculty of Technology. Department of Civil Engineering | ||
| 245 | 0 | _aSeismic vulnerability assessment and retrofitting of existing buildings | |
| 260 |
_aDelhi _bUniversity of Delhi India _c2004 |
||
| 300 |
_a265p. _ap. _ccm. |
||
| 650 | _aCIVIL ENGINEERING | ||
| 700 |
_a Prof. Pratima Rani Bose Gu. _9537906 |
||
| 700 | _aUniversity of Delhi. Faculty of Technology. Department of Civil Engineering | ||
| 942 |
_cDIS _2CC |
||
| 999 |
_c869168 _d869168 |
||